000
00335nam a2200145Ia 4500
005
20251222141812.0
008
251222s9999||||xx |||||||||||||| ||spa||
020
_a
958-600-891-6
082
_a
375/P79
100
_a
Posner, George J.
245
0
_a
AnĂ¡lisis de CurrĂculo
250
_a
2a.ed.
264
_b
McGraw-Hill
942
_c
LIB
999
_c
6501
_d
6501